एक ईंट एक रुपया / (Record no. 118354)
[ view plain ]
| 000 -LEADER | |
|---|---|
| fixed length control field | 01070nam a22002777a 4500 |
| 003 - CONTROL NUMBER IDENTIFIER | |
| control field | dpl |
| 005 - DATE AND TIME OF LATEST TRANSACTION | |
| control field | 20190308130023.0 |
| 008 - FIXED-LENGTH DATA ELEMENTS--GENERAL INFORMATION | |
| fixed length control field | 190308b ||||| |||| 00| 0 eng d |
| 010 ## - LIBRARY OF CONGRESS CONTROL NUMBER | |
| LC control number | B-002993 |
| 020 ## - INTERNATIONAL STANDARD BOOK NUMBER | |
| Terms of availability | 70.00 |
| International Standard Book Number | 8172980108 |
| 035 ## - SYSTEM CONTROL NUMBER | |
| System control number | B-002993, B-003018 |
| 037 ## - SOURCE OF ACQUISITION | |
| Source of stock number/acquisition | Cen Lib/Ret |
| 040 ## - CATALOGING SOURCE | |
| Original cataloging agency | DPL |
| Language of cataloging | HN |
| Transcribing agency | 0 |
| 082 ## - DEWEY DECIMAL CLASSIFICATION NUMBER | |
| Classification number | उ |
| Item number | इन्द्रास्व |
| 100 ## - MAIN ENTRY--PERSONAL NAME | |
| Personal name | इन्द्रा स्वप्न |
| 9 (RLIN) | 79676 |
| 245 ## - TITLE STATEMENT | |
| Title | एक ईंट एक रुपया / |
| Statement of responsibility, etc | इन्द्रा स्वप्न |
| 246 ## - VARYING FORM OF TITLE | |
| Title proper/short title | Ek eent ek rupaya / |
| Remainder of title | by Indra Swapan |
| 260 ## - PUBLICATION, DISTRIBUTION, ETC. (IMPRINT) | |
| Place of publication, distribution, etc | दिल्ली |
| Name of publisher, distributor, etc | पारुल प्रकाशन |
| Date of publication, distribution, etc | 1999 |
| 270 ## - ADDRESS | |
| Address | 889/58, त्रिनगर |
| City | दिल्ली |
| Postal code | 110035 |
| 300 ## - PHYSICAL DESCRIPTION | |
| Extent | 86पृ. |
| Dimensions | 21सेमी(सजिल्द) |
| 650 ## - SUBJECT ADDED ENTRY--TOPICAL TERM | |
| Topical term or geographic name as entry element | साहित्य--उपन्यास |
| 9 (RLIN) | 79677 |
| 650 ## - SUBJECT ADDED ENTRY--TOPICAL TERM | |
| Topical term or geographic name as entry element | हिंदी उपन्यास |
| 9 (RLIN) | 79678 |
| 650 ## - SUBJECT ADDED ENTRY--TOPICAL TERM | |
| Topical term or geographic name as entry element | Literature--Novel |
| 9 (RLIN) | 79679 |
| 650 ## - SUBJECT ADDED ENTRY--TOPICAL TERM | |
| Topical term or geographic name as entry element | Hindi novel |
| 9 (RLIN) | 79680 |
| 942 ## - ADDED ENTRY ELEMENTS (KOHA) | |
| Source of classification or shelving scheme | Dewey Decimal Classification |
| Koha item type | Hindi Books |
| Classification part | उ |
| Call number suffix | इन्द्रास्व |
| Withdrawn status | Lost status | Damaged status | Not for loan | Home library | Current library | Date acquired | Source of acquisition | Cost, normal purchase price | Total Checkouts | Full call number | Barcode | Date last seen | Date checked out | Copy number | Cost, replacement price | Price effective from | Koha item type | Source of classification or shelving scheme | Collection code |
|---|---|---|---|---|---|---|---|---|---|---|---|---|---|---|---|---|---|---|---|
| Central Library | Central Library | 11/09/2015 | Cen Lib/Ret | 70.00 | 1 | उ इन्द्रास्व | B-002993 | 07/11/2017 | 30/10/2017 | 1 | 70.00 | 11/09/2015 | Hindi Books | ||||||
| Shahdara Branch | Shahdara Branch | 08/03/2019 | BPPD/PUB | 70.00 | उ इन्द्रास्व | B-003018 | 08/03/2019 | 70.00 | 08/03/2019 | Hindi Books | Dewey Decimal Classification | Fiction | |||||||
| Yojana Vihar | Yojana Vihar | 25/07/2019 | BPPD/PUB | 70.00 | उ इन्द्रास्व | B-3019 | 25/07/2019 | 70.00 | 25/07/2019 | Hindi Books | Dewey Decimal Classification | Fiction |
